Поставщик и потребитель: сборник статей; Возлюбите своих поставщиков!; Качество и рынок, или как организация настраивается на обеспечение требований потребителя; Стратегический маркетинг как основа обеспечения качества продукции; Концепция системы QS-9000. В чем успех системы?; АО "АвтоВАЗ": внедрение элементов QS-9000. Процедура одобрения продукции и производства поставщика; Совершенствование управления качеством поставок на основе современных методов; Всесторонняя оценка деятельности поставщика в области качества; Работа с поставщиками материалов и комплектующих

Dades bibliogràfiques
Altres autors: Матвеева И. В. (составитель)
Idioma:rus
Publicat: Москва, Стандарты и качество, 2000
TOC:Ю. П. Адлер, Возлюбите своих поставщиков!;
Ю. П. Адлер, Качество и рынок, или как организация настраивается на обеспечение требований потребителя;
И. З. Аронов, Е. В. Подболотова, А. А. Теплицкий, Стратегический маркетинг как основа обеспечения качества продукции;
В. А. Лапидус, Концепция системы QS-9000. В чем успех системы?;
В. Я. Кокотов [и др.], АО "АвтоВАЗ": внедрение элементов QS-9000. Процедура одобрения продукции и производства поставщика;
Г. Л. Юнак [и др.], Совершенствование управления качеством поставок на основе современных методов;
Н. В. Ляченков [и др.], Всесторонняя оценка деятельности поставщика в области качества;
С. П. Дереберя, Работа с поставщиками материалов и комплектующих;
Col·lecció:Библиотека журнала "Стандарты и качество"
Дом качества
Matèries:
Format: MixedMaterials Llibre
KOHA link:https://koha.lib.tpu.ru/cgi-bin/koha/opac-detail.pl?biblionumber=78623

MARC

LEADER 00000nam0a2200000 4500
001 78623
005 20231031093932.0
035 |a (RuTPU)RU\TPU\book\84338 
090 |a 78623 
100 |a 20050628d2000 k y0rusy50 ca 
101 0 |a rus 
102 |a RU 
105 |a a z 000zy 
200 1 |a Поставщик и потребитель  |e сборник статей  |f сост. И. В. Матвеева 
210 |a Москва  |c Стандарты и качество  |d 2000 
215 |a 127 с.  |c ил. 
225 1 |a Библиотека журнала "Стандарты и качество" 
225 1 |a Дом качества  |h Вып. 5 
464 |t Возлюбите своих поставщиков!  |f Ю. П. Адлер 
464 |t Качество и рынок, или как организация настраивается на обеспечение требований потребителя  |f Ю. П. Адлер 
464 |t Стратегический маркетинг как основа обеспечения качества продукции  |f И. З. Аронов, Е. В. Подболотова, А. А. Теплицкий 
464 |t Концепция системы QS-9000. В чем успех системы?   |f В. А. Лапидус 
464 |t АО "АвтоВАЗ": внедрение элементов QS-9000. Процедура одобрения продукции и производства поставщика  |f В. Я. Кокотов [и др.] 
464 |t Совершенствование управления качеством поставок на основе современных методов  |f Г. Л. Юнак [и др.] 
464 |t Всесторонняя оценка деятельности поставщика в области качества  |f Н. В. Ляченков [и др.] 
464 |t Работа с поставщиками материалов и комплектующих  |f С. П. Дереберя 
610 1 |a организация производства 
610 1 |a качество 
610 1 |a продукция 
610 1 |a потребители 
610 1 |a менеджмент 
610 1 |a поставки 
610 1 |a контроль 
675 |a 658.562  |v 3 
702 1 |a Матвеева  |b И. В.  |4 220 
801 1 |a RU  |b 63413507  |c 20050628  |g PSBO 
801 2 |a RU  |b 63413507  |c 20140414  |g PSBO 
942 |c BK 
959 |a 55/20050628  |d 1  |e 100  |f ЧЗКДП:1